000 00912nam a2200241 a 4500
001 000018600
005 20240412074248.0
008 100512s2009 dr r 000 p spa d
020 _a9789993458777
040 _aDO-SdBNP
_bspa
_cBNPHU
082 _aRD861.44
_bD671m 2009
100 1 _aDomínguez, Francisca Otilia,
_d1923-
_924943
245 1 0 _aMenudencias para un futuro mejor /
_cFrancisca Otilia Domínguez ; prólogo María Rutinel Domínguez.
250 _a2a ed.
260 _aSanto Domingo :
_bCentenario,
_c2009.
300 _a84 p. ;
_c21 cm.
500 _aIncluye datos biográficos de la autora en la solapa de la cubierta.
600 1 4 _aDOMÍNGUEZ, FRANCISCA OTILIA,
_d1923-
_xCRÍTICA E INTERPRETACIÓN
_940209
650 0 _aPoesía dominicana
_966
650 0 _aLiteratura dominicana.
_967
700 1 _aRutinel Domínguez, María,
_epról.
_924944
910 _aValidado. Control de calidad. MFF
999 _c18120
_d18120